Faktor insaniah dalam pengurusan kualiti : kajian di Majlis Agama Islam Selangor /
Saved in:
| Main Author: | |
|---|---|
| Format: | Thesis Book |
| Language: | Malay |
| Published: |
2013.
|
| Subjects: | |
| Online Access: | http://studentsrepo.um.edu.my/id/eprint/5092 |
| Tags: |
Add Tag
No Tags, Be the first to tag this record!
|
| LEADER | 01817cam a2200397 i 4500 | ||
|---|---|---|---|
| 001 | u916507 | ||
| 003 | SIRSI | ||
| 005 | 201311181207 | ||
| 008 | 131118s2013 my a t 000 0 may m | ||
| 040 | |a UMA |d AUM |e rda | ||
| 043 | |a a-my-se | ||
| 094 | |a BP42 |b A1 UM 2013 Musa | ||
| 100 | 0 | |a Musaiyadah Ahmadun, |e author | |
| 245 | 1 | 0 | |a Faktor insaniah dalam pengurusan kualiti : |b kajian di Majlis Agama Islam Selangor / |c Musaiyadah Ahmadun ; diselia oleh Dr Siti Arni Basir. |
| 264 | 1 | |c 2013. | |
| 264 | 4 | |c 2013. | |
| 300 | |a xiii, 222 leaves : |b illustrations ; |c 30 cm. | ||
| 336 | |a text |2 rdacontent | ||
| 337 | |a unmediated |2 rdamedia | ||
| 338 | |a volume |2 rdacarrier | ||
| 500 | |a AIUM. | ||
| 502 | |b M.Syariah |c Jabatan Siasah Syariyyah, Akademi Pengajian Islam, Universiti Malaya |d 2013. | ||
| 504 | |a Bibliography: leaves 214-221 | ||
| 610 | 2 | |a Majlis Agama Islam Selangor |x Management | |
| 650 | 0 | |a Total quality management |x Religious aspects |x Islam | |
| 650 | 0 | |a Management |x Religious aspects |x Islam | |
| 650 | 0 | |a Human capital |z Selangor |x Management. | |
| 700 | 0 | |a Siti Arni Basir, |e degree supervisor. | |
| 710 | 2 | |a Universiti Malaya. |b Jabatan Siasah Syariyyah, |e degree granting institution. | |
| 856 | 4 | 1 | |u http://studentsrepo.um.edu.my/id/eprint/5092 |
| 900 | |a HH-ZA | ||
| 596 | |a 1 12 18 25 | ||
| 999 | |a BP42 A1 UM 2013 MUSA |w LC |c 1 |i A514695213 |l RESERVES |m P18ISLPURI |r Y |s Y |t TESIS |u 18/11/2013 | ||
| 999 | |a BP42 A1 UM 2013 MUSA |w LC |c 1 |i A515788795 |d 4/12/2019 |e 4/12/2019 |f 25/2/2014 |g 1 |l STACKS |m P12ISLAMKL |n 11 |r Y |s Y |t TESIS |u 25/2/2014 | ||
| 999 | |a BP42 A1 UM 2013 MUSA |w LC |c 1 |i A515870381 |d 6/12/2018 |e 6/12/2018 |f 22/12/2014 |g 1 |l STACKS |m P01UTAMA |n 5 |r Y |s Y |t TESIS |u 12/12/2014 | ||
| 999 | |a BP42 A1 UM 2013 MUSA |w LC |c 1 |i A517295299 |f 6/8/2019 |g 1 |l STACKS |m P25UMARCHI |r N |s Y |t CD |u 6/8/2019 |1 AHSS |o .STAFF. MST-CD372 | ||
